| 000 | 00683ntaaa2200205 4500 | ||
|---|---|---|---|
| 003 | 01 | ||
| 005 | 20251027201529.0 | ||
| 008 | 0714s1973 ag 01 | ||
| 040 |
_aAR-BaBN _bspa _cAR-BaBN _eaacr _dRIC |
||
| 082 | _a181.4 V51s | ||
| 100 |
_aVedantadesika _913936 |
||
| 245 |
_aSrimad Rahasyatrayasara of Sri Vedantadesika / _cVedantadesika, M. R. Rajagopala Ayyangar |
||
| 250 | _a1 ed. | ||
| 260 |
_aKumbakonam : _bAgnihothram Ramanuja Thathachariar, _c1956 |
||
| 300 |
_a594 p.:retr. ; _c22 cm |
||
| 500 | _a"Translated in English with introdution and notes by M.R. Rajagopala Ayyangar. | ||
| 650 |
_aHinduismo _913567 |
||
| 700 |
_aAyyangar, M. R. Rajagopala _913937 |
||
| 942 | _cBK | ||
| 999 |
_c9867 _d9867 |
||